Responses for Show #3766 - Monday, January 8, 2001

Contestants

[<< previous game]

Rich Jacobs, an account manager from Lake Worth, Florida

Valerie Williamson, a public opinion researcher from Washington, D.C.

Adam Taxin, a graduate student originally from Rose Valley, Pennsylvania (whose 2-day cash winnings total $28,200)

[next game >>]

Jeopardy! Round responses

PUT SOMETHING ON
CAPITAL CITY BIRTHPLACES
WAR GAMES
FLOWERS
A STEW OF STEWARTS
"CAT"ECHISM
    $100 24
Socks

Adam
    $100 5
Moscow

Adam
    $100 10
Football

Adam
    $100 21
(R: What is a daisy?)

Rose

Rich
Triple Stumper
    $100 15
Patrick Stewart

Rich
    $100 16
Cathedral

Rich
    $200 27
Hip

Rich
    $200 4
Tokyo

Adam
    $200 9
Risk

Valerie
    $200 22
African violet

Adam
    $200 14
Jimmy Stewart

Adam
    $200 17
Catnap

Valerie
    $300 28
Crewneck

Valerie
    $300 3
Edinburgh

Adam
    $300 8
Paintball

Adam
    $300 29
Tulip

Adam
    $300 13
(V: Who was Andy Stewart?)

Stewart Copeland

AdamValerie
    $300 18
(R: What is a cataclysm?)

Catastrophe

ValerieRich
    $400 23
Culottes

Valerie
    $400 2
Caracas

Adam
    $400 7
Dodgeball

Adam
    $300 26
(A: What is a cherry blossom?)

Chrysanthemum

Adam
    $400 12
Jackie Stewart

Triple Stumper
    $400 19
(Alex: Not in my church, I'll tell you!)

Cat o' nine tails

Valerie
    $500 25
Gore

Adam
    $500 1
Dublin

Adam
    $500 6
Laser tag

Valerie
    $500 30
Pimpernel

Valerie
    $500 11
Potter Stewart

Adam
    $500 20
Catalog

Valerie

Scores at the first commercial break (after clue 15):

Adam Valerie Rich
$3,300 $400 $100

Scores at the end of the Jeopardy! Round:

Adam Valerie Rich
$4,100 $3,000 $0

Double Jeopardy! Round responses

PUT SOMETHING ON
(Alex: Interesting that we have a category with the same title as in the first round.)
TURNS OF THE CENTURY
VIDEOASIS
BESTSELLERS
THE REAL FIRST NAME
ENDS IN "I"
    $200 30
"Magical Mystery Tour"

Adam
    $200 20
Detroit

Adam
    $200 1
woolly mammoth

Valerie
    $200 8
Lawyers

Valerie
    $200 11
John

Triple Stumper
    $200 29
Kiwi

Rich
    $400 25
Grouchland

Valerie
    $400 19
Visigoths

Adam
    $400 2
Close Encounters of the Third Kind

Valerie
    $400 7
Suzanne Somers

Valerie
    $400 12
George (Herman Ruth)

Rich
    $400 28
Gemini

Adam
    $1,000 24
(Alex: Less than a minute.)

Scott Joplin

Valerie
    $600 18
Amerigo Vespucci

Rich
    $600 3
Norway

Adam
    $600 6
(A: What is osteoporosis?)

Breast cancer

AdamValerie
    $600 13
Thomas

Adam
    $600 27
jai alai

Rich
    $800 22
Dance

Triple Stumper
    $800 17
Prince of Wales

Triple Stumper
    $800 9
Koto

Triple Stumper
    $800 5
John McCain

Valerie
    $800 14
William

Rich
    $800 26
Farsi

Adam
    $1000 23
Billie Holiday

Valerie
    $1000 16
(A: Who was Copernicus?)

Tycho Brahe

Adam
Triple Stumper
    $1000 10
Halbard

Triple Stumper
    $1000 4
(R: Who is Elmore Leonard?)

Carl Hiaasen

AdamRich
    $1000 15
Jean-Claude

Adam
    $300 21
Bikini

Adam

Scores at the end of the Double Jeopardy! Round:

Adam Valerie Rich
$8,000 $8,000 $1,600

[wagering suggestions for these scores]

Final Jeopardy! Round responses

1999 ART NEWS
(Alex: New York City came later.)
RichWhat Madison, Wisc.
$0
ValerieWhat is New York City?
$4,000
AdamWhat is Chicago?
$8,000
Chicago

Final scores:

Adam Valerie Rich
$16,000 $4,000 $1,600
3-day champion: $44,200 2nd place: Trip to Los Cabos, Mexico 3rd place: Bikeshop.com Gift Certificate

Game dynamics:

Coryat scores:

Adam Valerie Rich
$9,000 $7,600 $1,600
25 R
(including 1 DD),
3 W
(including 1 DD)
18 R
(including 1 DD),
1 W
8 R,
3 W

Combined Coryat: $18,200

[game clues] [game scores] [suggest correction]

Game tape date: 2000-11-01
The J! Archive is created by fans, for fans. Scraping, republication, monetization, and malicious use prohibited; this site may use cookies and collect identifying information. See terms. The Jeopardy! game show and all elements thereof, including but not limited to copyright and trademark thereto, are the property of Jeopardy Productions, Inc. and are protected under law. This website is not affiliated with, sponsored by, or operated by Jeopardy Productions, Inc. Join the discussion at JBoard.tv.